| 000 | 00727aam a2200217 4500 | ||
|---|---|---|---|
| 005 | 20161214115420.0 | ||
| 008 | 150224b xxu||||| |||| 00| 0 eng d | ||
| 041 | _aEspaña | ||
| 082 | _a372.64 M538i | ||
| 100 |
_aMéndez Garita, Nuria Isabel _922592 |
||
| 100 |
_aRubio Torres, Carlos _935443 |
||
| 100 |
_aArias Uva, Minor _911922 |
||
| 245 | _aLa literatura para niñas y niños: de la didáctica a la fantasía | ||
| 260 |
_aCosta Rica _bCoordinación educativa y cultural centroamericana _c2009 |
||
| 300 | _a136 páginas | ||
| 650 |
_aLITERATURA INFANTIL _93434 |
||
| 650 |
_aEDUCACIÓN PRIMARIA _935444 |
||
| 650 |
_aNIÑEZ Y DESARROLLO _922595 |
||
| 650 |
_aLITERATURA INFANTIL COSTARRICENSE _921200 |
||
| 942 | _cLIT | ||
| 999 |
_c2578 _d2578 |
||